Géographie: Noms fusionnés - Statistiques

Statistiques générales
  • Ce quiz a été pris 477 fois
  • Le résultat moyen est 18 sur 20
Statistiques - réponses
Réponse % Correct
Angola
99%
Colombie
99%
Mozambique
99%
Tunisie
99%
Albanie
98%
Corée du Nord/du Sud
96%
Mexique
96%
Congo
95%
Los Angeles
95%
Milan
94%
Himalaya
93%
Paris
93%
Guinée Équatoriale
90%
Minneapolis
86%
Riyad
81%
Turquie
80%
Alabama
79%
Niger
72%
Colorado
67%
Mali
45%
Aucun quiz correspondant
Distribution des résultats
% des personnes avec chaque résultat
Percentile par nombre de réponses
Votre historique - résultats
Vous n’avez pas pris ce quiz